|
|
|
|
| LEADER |
00000cam a2200000 7i4500 |
| 001 |
0000001171 |
| 002 |
000001293 |
| 005 |
20060123.0 |
| 020 |
|
|
|a 9679145891
|
| 090 |
0 |
0 |
|a 523.2
|b PER
|
| 100 |
1 |
|
|a Asimov, Isaac
|
| 245 |
1 |
0 |
|a Pluto :
|b planet kembar?
|c Isaac Asimov ; diterjemah oleh Zubaidah Abd. Rahman
|
| 260 |
|
|
|a Kuala Lumpur :
|b Federal Publications ,
|c 1993
|
| 300 |
|
|
|a 32p. :
|b ill. ;
|c 26cm.
|
| 490 |
0 |
|
|a Siri Perpustakaan Sistem Suria
|
| 650 |
0 |
0 |
|a Pluto (Planet)
|x Juvenile literature
|
| 700 |
0 |
|
|a ZUBAIDAH Abd. Rahman ,
|e translated by
|
| 999 |
|
|
|a 029477
|b BUKU
|c JUNIOR BOOKS
|e PERPUSTAKAAN KOMUNITI CAW KOTA DAMANSARA
|